[Event "Online Olym Div2 E 2020"]
[Site "chess.com INT"]
[Date "2020.08.14"]
[Round "1.1"]
[Board "1"]
[White "Zambrana, Oswaldo"]
[Black "Matamoros Franco, Carlos S."]
[Result "1/2-1/2"]
[WhiteTitle "GM"]
[BlackTitle "GM"]
[WhiteElo "2438"]
[BlackElo "2495"]
[WhiteTeam "Bolivia"]
[BlackTeam "Ecuador"]
[WhiteFideId "3300200"]
[BlackFideId "3600017"]
[EventDate "2020.08.14"]
[EventType "team"]

1. e4 e6 2. d4 d5 3. Nd2 c5 4. Ngf3 cxd4 5. exd5 Qxd5 6. Bc4 Qd7 7. O-O Nf6 8.
Nb3 Nc6 9. Nbxd4 Nxd4 10. Nxd4 a6 11. c3 Bd6 12. Bb3 Qc7 13. Kh1 O-O 14. Qf3 b6
15. Bg5 Bb7 16. Qh3 Ne4 17. Be3 g6 18. Rad1 Rad8 19. Nxe6 fxe6 20. Qxe6+ Kg7 21.
Bd4+ Nf6 22. Rde1 Bc8 23. Qe2 Bc5 24. Be5 Qc6 25. Qc4 Bb7 26. f3 Rde8 27. Qh4
Rxe5 28. Rxe5 Re8 29. Rxe8 Qxe8 30. Re1 Qd7 31. Qf4 Bd5 32. Bxd5 Qxd5 33. Qc7+
Kh6 34. Qf4+ Kg7 35. Qc7+ Kh6 36. Qf4+ Kg7 1/2-1/2

[Event "Online Olym Div2 E 2020"]
[Site "chess.com INT"]
[Date "2020.08.14"]
[Round "1.1"]
[Board "3"]
[White "Cordero, Daniela"]
[Black "Fierro Baquero, Martha L."]
[Result "0-1"]
[WhiteTitle "WIM"]
[BlackTitle "IM"]
[WhiteElo "2010"]
[BlackElo "2359"]
[WhiteTeam "Bolivia"]
[BlackTeam "Ecuador"]
[WhiteFideId "3301630"]
[BlackFideId "3600270"]
[EventDate "2020.08.14"]
[EventType "team"]

1. d4 g6 2. Nf3 Bg7 3. c4 d6 4. g3 Nf6 5. Bg2 O-O 6. O-O c6 7. Nc3 Qa5 8. e4 Qh5
9. Ng5 Qxd1 10. Rxd1 e5 11. d5 cxd5 12. cxd5 h6 13. Nf3 Bg4 14. h3 Bxf3 15. Bxf3
Nbd7 16. Be3 a6 17. Rdc1 Ne8 18. Na4 f5 19. Nb6 Nxb6 20. Bxb6 Nf6 21. Bc7 Nxe4
22. Bxe4 fxe4 23. Rc3 Rf6 24. Rac1 Raf8 25. Bb6 Rf3 26. Be3 h5 27. h4 Kh7 28.
Rc7 R3f7 29. Kf1 Bh6 30. Rxf7+ Rxf7 31. Ke2 Bxe3 32. Kxe3 Kg7 33. Rc2 Kf6 34.
Kxe4 g5 35. hxg5+ Kxg5 36. f3 h4 37. gxh4+ Kxh4 38. Rg2 Rf4+ 39. Ke3 Rd4 40. Rg7
b5 41. Rg8 a5 42. Rg7 Rxd5 43. f4 exf4+ 44. Kxf4 Rd4+ 45. Ke3 Rd5 46. Kf4 Kh5
47. Ra7 a4 48. Rb7 Kg6 49. Ke4 Re5+ 50. Kd4 Kf6 51. b3 axb3 52. axb3 Ke6 53. b4
Rh5 54. Rb6 Rd5+ 55. Kc3 Kd7 56. Rb8 Kc7 57. Rg8 Rh5 58. Rg4 Kc6 59. Kd4 Rh1 60.
Rg5 Rc1 61. Kd3 Rc4 62. Rg8 Rxb4 63. Kc3 Rc4+ 64. Kb3 d5 65. Rc8+ Kd6 66. Rd8+
Ke5 67. Re8+ Kf4 68. Rb8 b4 69. Re8 Re4 70. Rd8 Ke5 71. Re8+ Kf4 72. Rd8 Rd4 73.
Re8 Rc4 74. Re7 Rc8 75. Kxb4 d4 76. Rf7+ Ke3 77. Re7+ Kf3 78. Rf7+ Ke2 79. Re7+
Kd2 80. Kb3 d3 81. Kb2 Rb8+ 82. Ka2 Kc1 83. Rc7+ Kd1 84. Rd7 d2 85. Rd6 Rb4 86.
Rd8 Kc2 87. Rc8+ Kd3 0-1

[Event "Online Olym Div2 E 2020"]
[Site "chess.com INT"]
[Date "2020.08.14"]
[Round "1.1"]
[Board "5"]
[White "Bolanos, Fernando"]
[Black "Mendoza Criollo, Carlos David"]
[Result "0-1"]
[WhiteTitle "CM"]
[BlackTitle "CM"]
[WhiteElo "2287"]
[BlackElo "2058"]
[WhiteTeam "Bolivia"]
[BlackTeam "Ecuador"]
[WhiteFideId "3304094"]
[BlackFideId "3618323"]
[EventDate "2020.08.14"]
[EventType "team"]

1. e4 c5 2. Nf3 d6 3. d4 cxd4 4. Nxd4 Nf6 5. Nc3 a6 6. Be2 e5 7. Nb3 Be7 8. g4
Be6 9. g5 Nfd7 10. Bg4 Nb6 11. g6 Bxb3 12. axb3 hxg6 13. Be3 N8d7 14. Qd2 Nf6
15. Be2 O-O 16. O-O-O Rc8 17. h4 Nh5 18. Bxh5 gxh5 19. Bxb6 Qxb6 20. Nd5 Qd8 21.
Nxe7+ Qxe7 22. Qxd6 Rfe8 23. Rh3 Qxd6 24. Rxd6 Re7 25. Kd2 f6 26. c4 Kf7 27. Kc3
Re6 28. Rd7+ Re7 29. Rhd3 Ke6 30. R3d6+ Kf7 31. b4 Rc6 32. Rd5 Ke6 33. Rd8 f5
34. Rh8 g6 35. exf5+ Kxf5 36. Rf8+ Kg4 37. Kd3 Kxh4 38. b5 axb5 39. cxb5 Rc1 40.
Kd2 Rc4 41. Rd6 g5 42. Rh8 Rd4+ 43. Rxd4+ exd4 44. Kd3 Re5 45. Kc4 Kg4 46. b6
Re6 47. Kc5 Rc6+ 48. Kb5 Rd6 49. Rh7 d3 50. Rxb7 d2 51. Rc7 d1=Q 52. Rc4+ Kf3
53. Rc3+ Kxf2 54. Ka6 Qa4+ 55. Kb7 Qb5 0-1

[Event "Online Olym Div2 E 2020"]
[Site "chess.com INT"]
[Date "2020.08.14"]
[Round "1.1"]
[Board "6"]
[White "Ortiz Verdezoto, Anahi"]
[Black "Monroy G., Nataly A."]
[Result "0-1"]
[WhiteTitle "WIM"]
[BlackTitle "WIM"]
[WhiteElo "2013"]
[BlackElo "1957"]
[WhiteTeam "Ecuador"]
[BlackTeam "Bolivia"]
[WhiteFideId "3614581"]
[BlackFideId "3304019"]
[EventDate "2020.08.14"]
[EventType "team"]

1. d4 c5 2. d5 e6 3. c4 exd5 4. cxd5 d6 5. Nc3 g6 6. e4 Bg7 7. f4 Ne7 8. Nf3 O-O
9. Bc4 Na6 10. O-O Nc7 11. Be3 a6 12. a4 b6 13. e5 Nf5 14. Bf2 h5 15. Re1 Rb8
16. Bd3 b5 17. axb5 axb5 18. Be4 Re8 19. Qd2 b4 20. Na4 Bd7 21. exd6 Nxd6 22.
Nxc5 Nxe4 23. Nxe4 Bf5 24. d6 Bxe4 25. Rxe4 Rxe4 26. dxc7 Qxc7 27. Ng5 Rc4 28.
Rd1 Rc2 29. Qd5 Rc1 30. g3 Rxd1+ 31. Qxd1 Rd8 32. Qb3 Qb7 33. Nf3 Rc8 34. Kg2
Qe4 35. Qa4 Bxb2 36. Qd7 Ra8 37. h3 Ra3 38. Qd8+ Kg7 39. Qd1 Rd3 0-1

[Event "Online Olym Div2 E 2020"]
[Site "chess.com INT"]
[Date "2020.08.14"]
[Round "1.2"]
[Board "1"]
[White "Valdes Romero, Leonardo"]
[Black "Erdos, Viktor"]
[Result "0-1"]
[WhiteTitle "IM"]
[BlackTitle "GM"]
[WhiteElo "2402"]
[BlackElo "2618"]
[WhiteTeam "Costa Rica"]
[BlackTeam "Hungary"]
[WhiteFideId "6500331"]
[BlackFideId "719978"]
[EventDate "2020.08.14"]
[EventType "team"]

1. Nf3 d5 2. g3 g6 3. Bg2 Bg7 4. d4 Nf6 5. O-O O-O 6. c4 c6 7. b3 dxc4 8. bxc4
c5 9. Bb2 cxd4 10. Nxd4 Qb6 11. Qc1 Bd7 12. Nd2 Nc6 13. Nxc6 Bxc6 14. Bxc6 Qxc6
15. Bc3 Rfd8 16. Qa3 Qe6 17. Rfe1 b6 18. Rab1 Rd7 19. Rbc1 Rad8 20. Bxf6 Bxf6
21. Nf3 Rc7 22. c5 bxc5 23. Rxc5 Rxc5 24. Qxc5 Qxa2 25. Kf1 a5 26. Qb6 e6 27.
Qc7 Qd5 28. Rb1 a4 29. Rb7 Rf8 30. Ra7 Bb2 31. Kg2 a3 32. Qa5 Qxa5 33. Rxa5 Rc8
34. Ne1 Bc3 35. Rxa3 Bxe1 0-1

[Event "Online Olym Div2 E 2020"]
[Site "chess.com INT"]
[Date "2020.08.14"]
[Round "1.2"]
[Board "5"]
[White "Quesada Leon, Joshua"]
[Black "Kozak, Adam"]
[Result "0-1"]
[BlackTitle "GM"]
[WhiteElo "1839"]
[BlackElo "2503"]
[WhiteTeam "Costa Rica"]
[BlackTeam "Hungary"]
[WhiteFideId "6513166"]
[BlackFideId "753246"]
[EventDate "2020.08.14"]
[EventType "team"]

1. e4 e5 2. Nf3 Nc6 3. Bc4 Bc5 4. b4 Bxb4 5. c3 Ba5 6. d4 exd4 7. Qb3 Qf6 8. O-O
Bb6 9. e5 Qg6 10. Ba3 Nge7 11. Bb5 d6 12. exd6 cxd6 13. Bxc6+ bxc6 14. Re1 Be6
15. Qa4 O-O 16. Nxd4 Bd5 17. f3 Bxf3 18. g3 Nf5 19. Nd2 Bd5 20. Re2 Nxd4 21.
cxd4 Qg4 22. Rae1 Bxd4+ 0-1

[Event "Online Olym Div2 E 2020"]
[Site "chess.com INT"]
[Date "2020.08.14"]
[Round "1.3"]
[Board "1"]
[White "Ibarra Chami, Luis Fernando"]
[Black "McShane, Luke J"]
[Result "0-1"]
[WhiteTitle "GM"]
[BlackTitle "GM"]
[WhiteElo "2447"]
[BlackElo "2680"]
[WhiteTeam "Mexico"]
[BlackTeam "England"]
[WhiteFideId "5105048"]
[BlackFideId "404853"]
[EventDate "2020.08.14"]
[EventType "team"]

1. c4 g6 2. Nc3 Bg7 3. g3 e5 4. Bg2 f5 5. d3 Nf6 6. e4 d6 7. Nge2 Nc6 8. O-O O-O
9. Rb1 f4 10. gxf4 Nh5 11. f5 gxf5 12. exf5 Bxf5 13. Ng3 Nf4 14. Bxf4 exf4 15.
Nxf5 Rxf5 16. Bxc6 bxc6 17. Qf3 Qh4 18. h3 Qh5 19. Qxh5 Rxh5 20. Kg2 Rf8 21. f3
Rf6 22. Ne2 Rg6+ 23. Kf2 Rxh3 24. Rh1 Rxh1 25. Rxh1 Bxb2 26. Rb1 Bf6 27. Rb8+
Kf7 28. Rc8 Bh4+ 29. Kf1 d5 30. Rxc7+ Kg8 31. c5 Re6 32. Nxf4 Rf6 33. Ng2 Rxf3+
34. Kg1 Bf2+ 35. Kf1 Bg3+ 36. Ke2 Rf2+ 37. Ke3 Rxg2 38. Rxc6 Rc2 39. Kd4 Bf2+
40. Kxd5 Kf7 41. Rc7+ Kg6 42. c6 h5 43. Rc8 h4 44. Rh8 Kg7 45. Rh5 Rc5+ 0-1

[Event "Online Olym Div2 E 2020"]
[Site "chess.com INT"]
[Date "2020.08.14"]
[Round "1.3"]
[Board "3"]
[White "Corrales Jimenez, Zenia"]
[Black "Hunt, Harriet V"]
[Result "0-1"]
[WhiteTitle "WIM"]
[BlackTitle "IM"]
[WhiteElo "2234"]
[BlackElo "2414"]
[WhiteTeam "Mexico"]
[BlackTeam "England"]
[WhiteFideId "3506355"]
[BlackFideId "403512"]
[EventDate "2020.08.14"]
[EventType "team"]

1. e4 e5 2. Nf3 Nc6 3. d4 exd4 4. Nxd4 Bc5 5. Nb3 Bb6 6. Nc3 Nf6 7. Qe2 O-O 8.
Be3 Re8 9. f3 d6 10. O-O-O Be6 11. h4 Qe7 12. Bxb6 axb6 13. Qd2 Red8 14. g4 d5
15. g5 d4 16. gxf6 dxc3 17. Qxd8+ Qxd8 18. Rxd8+ Rxd8 19. fxg7 cxb2+ 20. Kxb2
Kxg7 21. f4 Re8 22. Bd3 f6 23. h5 Kf7 24. e5 f5 25. Rg1 Rg8 26. Rxg8 Kxg8 27. c4
Kg7 28. c5 Nb4 29. Be2 Bxb3 30. Kxb3 bxc5 31. Kc4 Nxa2 32. Kxc5 Nc3 33. Bc4 Ne4+
34. Kd5 Kf7 35. Kd4+ Ke7 36. Bd5 Ng3 37. Bxb7 Nxh5 38. Ke3 Ng7 39. Bc6 Ne6 40.
Bd5 c5 41. Bc4 h5 42. Kf3 h4 43. Bf1 Nd4+ 44. Ke3 Kd7 45. Bh3 Ke6 46. Kd3 Kd5
47. Ke3 c4 48. e6 Nxe6 49. Bxf5 Nd4 50. Bg4 c3 51. f5 Ke5 52. Kd3 c2 53. Kd2 Kf6
54. Bh3 Kg5 55. Kc1 Kf6 56. Kd2 Ke5 57. Kc1 Ke4 58. f6 Kd3 59. Kb2 Kd2 60. f7
c1=Q+ 61. Ka2 Qc2+ 62. Ka3 Qb3# 0-1

[Event "Online Olym Div2 E 2020"]
[Site "chess.com INT"]
[Date "2020.08.14"]
[Round "1.3"]
[Board "5"]
[White "Tello Chavez, Isaac Valent"]
[Black "Willow, Jonah B"]
[Result "0-1"]
[WhiteTitle "FM"]
[BlackTitle "FM"]
[WhiteElo "2275"]
[BlackElo "2386"]
[WhiteTeam "Mexico"]
[BlackTeam "England"]
[WhiteFideId "5114241"]
[BlackFideId "438804"]
[EventDate "2020.08.14"]
[EventType "team"]

1. c4 c5 2. g3 Nc6 3. Bg2 g6 4. Nc3 Bg7 5. e4 e6 6. Nge2 Nge7 7. d3 O-O 8. h4 h5
9. Bg5 d6 10. Qd2 Nd4 11. Nxd4 cxd4 12. Ne2 e5 13. O-O Bg4 14. f3 Bd7 15. b4 Kh7
16. Qd1 b5 17. cxb5 Bxb5 18. a4 Bd7 19. Qb3 Be6 20. Qa3 d5 21. b5 f6 22. Bd2
dxe4 23. fxe4 Bg4 24. Bb4 Rf7 25. Ra2 Qd7 26. Kh2 Rc8 27. Ng1 Ng8 28. Raf2 Nh6
29. Bd2 Rc2 30. Bxh6 Rxf2 31. Rxf2 Bxh6 32. Qc5 Be3 33. Rc2 Bd1 34. Ra2 Qc7 35.
Qd5 Kg7 36. Nf3 Qc1 37. a5 Qb1 38. Ra3 Bc1 39. Nxe5 fxe5 40. Qxe5+ Kh7 41. Qe6
Rg7 42. Qa2 Qxb5 43. Qa1 Bxa3 44. Qxd1 Bd6 45. Kh1 Qxa5 46. e5 Qxe5 47. Be4 Rf7
48. Qe2 Kg7 0-1

[Event "Online Olym Div2 E 2020"]
[Site "chess.com INT"]
[Date "2020.08.14"]
[Round "1.3"]
[Board "6"]
[White "Kalaiyalahan, Akshaya"]
[Black "Lopez Sanchez, Anastacia Antonia"]
[Result "1/2-1/2"]
[WhiteTitle "FM"]
[BlackTitle "WCM"]
[WhiteElo "2149"]
[BlackElo "1809"]
[WhiteTeam "England"]
[BlackTeam "Mexico"]
[WhiteFideId "422894"]
[BlackFideId "5115825"]
[EventDate "2020.08.14"]
[EventType "team"]

1. d4 Nf6 2. c4 g6 3. g3 Bg7 4. Bg2 O-O 5. Nc3 c5 6. dxc5 Qa5 7. Nh3 Qxc5 8. Qa4
Nc6 9. Be3 Qb4 10. Qxb4 Nxb4 11. Kd2 d6 12. Nf4 Ng4 13. h3 Nxe3 14. fxe3 Rb8 15.
a3 Nc6 16. Nfd5 e6 17. Nb4 Ne5 18. b3 Bd7 19. Nd3 Bc6 20. Bxc6 Nxc6 21. Rab1 Ne5
22. Nb5 d5 23. cxd5 exd5 24. Nxe5 Bxe5 25. g4 a6 26. Nd4 Rbc8 27. Rhc1 Kg7 28.
Kd3 Kf6 29. a4 Ke7 30. Nf3 Bf6 31. b4 Kd7 32. Nd4 Rfe8 33. Nb3 b6 34. Rxc8 Rxc8
35. Rc1 Rxc1 36. Nxc1 Be7 1/2-1/2

[Event "Online Olym Div2 E 2020"]
[Site "chess.com INT"]
[Date "2020.08.14"]
[Round "1.4"]
[Board "1"]
[White "Acosta, Pablo Ismael"]
[Black "Greet, Andrew N"]
[Result "0-1"]
[WhiteTitle "IM"]
[BlackTitle "IM"]
[WhiteElo "2465"]
[BlackElo "2417"]
[WhiteTeam "Argentina"]
[BlackTeam "Scotland"]
[WhiteFideId "124311"]
[BlackFideId "405817"]
[EventDate "2020.08.14"]
[EventType "team"]

1. c4 e5 2. g3 c6 3. d4 e4 4. d5 cxd5 5. cxd5 Nf6 6. a3 Bc5 7. Nc3 e3 8. Bxe3
Bxe3 9. fxe3 d6 10. Qd4 O-O 11. Bg2 Nbd7 12. Nf3 Qe7 13. Nd2 Ne5 14. O-O Bd7 15.
Rac1 a6 16. Nce4 Nxe4 17. Nxe4 Bb5 18. Nc3 Rfc8 19. b3 Rc5 20. a4 Bd7 21. Ne4
Rxc1 22. Rxc1 Bf5 23. Nd2 Rc8 24. Rxc8+ Bxc8 25. Qc3 Qd8 26. Bf3 g6 27. Kf2 Bd7
28. Ne4 Bf5 29. Nd2 h5 30. a5 h4 31. Qb4 hxg3+ 32. hxg3 Qe7 33. Qb6 Ng4+ 34.
Bxg4 Bxg4 35. Qd4 Bf5 36. e4 Bd7 37. Nf3 Bg4 38. Ne1 f5 39. exf5 Qxe2+ 40. Kg1
Qxe1+ 41. Kg2 Qe2+ 42. Kg1 Qd1+ 0-1

[Event "Online Olym Div2 E 2020"]
[Site "chess.com INT"]
[Date "2020.08.14"]
[Round "1.4"]
[Board "2"]
[White "Tate, Alan"]
[Black "Varacalli, Francisco"]
[Result "1/2-1/2"]
[WhiteTitle "FM"]
[BlackTitle "IM"]
[WhiteElo "2342"]
[BlackElo "2332"]
[WhiteTeam "Scotland"]
[BlackTeam "Argentina"]
[WhiteFideId "2401878"]
[BlackFideId "139327"]
[EventDate "2020.08.14"]
[EventType "team"]

1. Nf3 Nf6 2. g3 g6 3. b3 Bg7 4. Bb2 O-O 5. Bg2 d6 6. d4 c5 7. c4 Nc6 8. O-O
cxd4 9. Nxd4 Bd7 10. Nc3 Qa5 11. h3 Rfc8 12. e3 a6 13. Qe2 Rab8 14. Rac1 Nxd4
15. exd4 e6 16. a3 Bc6 17. d5 exd5 18. b4 Qd8 19. cxd5 Bd7 20. Kh2 Qb6 21. Qd2
Re8 22. Rfe1 1/2-1/2

[Event "Online Olym Div2 E 2020"]
[Site "chess.com INT"]
[Date "2020.08.14"]
[Round "1.4"]
[Board "3"]
[White "Besso, Guadalupe"]
[Black "Arakhamia-Grant, Ketevan"]
[Result "0-1"]
[WhiteTitle "WIM"]
[BlackTitle "GM"]
[WhiteElo "2111"]
[BlackElo "2380"]
[WhiteTeam "Argentina"]
[BlackTeam "Scotland"]
[WhiteFideId "123161"]
[BlackFideId "13600168"]
[EventDate "2020.08.14"]
[EventType "team"]

1. d4 Nf6 2. c4 g6 3. Nc3 Bg7 4. e4 d6 5. Be2 O-O 6. Nf3 e5 7. O-O Nc6 8. dxe5
Nxe5 9. Nxe5 dxe5 10. Bg5 c6 11. Qxd8 Rxd8 12. Rfd1 Be6 13. b3 h6 14. Be3 Bf8
15. f3 Nd7 16. Na4 f5 17. Rac1 b6 18. Rc3 fxe4 19. fxe4 Nf6 20. Rxd8 Rxd8 21.
Bf3 Ng4 22. Bxg4 Bxg4 23. Nb2 Kg7 24. Kf2 Bb4 25. Rc2 Be6 26. h3 g5 27. Re2 Bc3
28. Rc2 Bd4 29. Re2 Bf7 30. Bxd4 exd4 31. Nd3 Bg6 32. Kf3 Rf8+ 33. Kg3 c5 34.
Kh2 Re8 35. Nf2 Kf6 36. g4 Ke6 37. Kg3 Rf8 38. Nd3 Rf1 39. Rf2 Rxf2 40. Nxf2 Ke5
41. Kf3 Bh7 42. Nd3+ Ke6 43. Nf2 a6 44. Nd3 Kd6 45. a4 Bg8 46. Kg3 b5 47. axb5
axb5 48. Nb2 bxc4 49. bxc4 Bh7 50. Kf3 Bg6 51. Nd3 Bf7 52. Nb2 Be6 53. Ke2 Ke5
54. Kd3 Bd7 55. Nd1 Kf4 56. Nf2 Bc6 57. Ke2 Bxe4 58. Nd1 Bg2 59. Nb2 Ke5 60.
Nd3+ Kd6 61. Nf2 Bc6 62. Kd3 Ke5 63. Ke2 Be4 64. Kd2 Bg6 65. Ke2 Kf4 66. Nd1 Kg3
67. Nb2 Kxh3 68. Na4 Kxg4 69. Nxc5 h5 70. Nd7 Bf5 71. Nf6+ Kh4 72. c5 g4 73. Nd5
g3 74. Ne7 Be4 75. Kf1 d3 76. c6 g2+ 77. Kf2 d2 78. c7 g1=Q+ 0-1

[Event "Online Olym Div2 E 2020"]
[Site "chess.com INT"]
[Date "2020.08.14"]
[Round "1.4"]
[Board "4"]
[White "Cooke, Suzie G."]
[Black "Francisco Guecamburu, Candela Be"]
[Result "0-1"]
[WhiteTitle "WFM"]
[BlackTitle "WFM"]
[WhiteElo "1915"]
[BlackElo "2034"]
[WhiteTeam "Scotland"]
[BlackTeam "Argentina"]
[WhiteFideId "414930"]
[BlackFideId "160911"]
[EventDate "2020.08.14"]
[EventType "team"]

1. d4 d5 2. Bf4 Bg4 3. h3 Bh5 4. c4 e6 5. Nc3 Nf6 6. Nf3 Bxf3 7. exf3 c6 8. c5
Nbd7 9. b4 a6 10. Bd3 Be7 11. O-O O-O 12. a4 a5 13. b5 e5 14. dxe5 Nh5 15. Bh2
g6 16. bxc6 bxc6 17. f4 Nxc5 18. f5 Nxd3 19. Qxd3 Bg5 20. Qf3 Ng7 21. f6 Ne6 22.
Rfd1 Qb6 23. Rab1 Qa7 24. Qg4 Rfd8 25. h4 Bh6 26. Ne2 Qd7 27. Qf3 c5 28. Nf4 Nd4
29. Qd3 Qxa4 30. h5 Bxf4 31. Bxf4 Ne6 32. Bd2 c4 33. Qf3 d4 34. hxg6 hxg6 35.
Bh6 c3 36. Rbc1 Rac8 37. Qe4 Qc6 38. Qd3 a4 39. f4 Qc4 40. Qf3 d3 41. f5 gxf5
42. Qxf5 Qh4 43. Be3 Qh7 44. Qg4+ Qg6 45. Qf3 d2 46. Bxd2 cxd2 47. Rxc8 Rxc8 48.
Rxd2 Rc1+ 49. Kf2 Rc2 50. Rxc2 Qxc2+ 51. Kg1 Qc5+ 52. Kh1 Qxe5 53. Qa8+ Kh7 54.
Qxa4 Qxf6 55. Qe4+ Qg6 56. Qf3 Ng5 57. Qf2 Ne4 58. Qf3 Kg7 59. Kg1 Ng5 60. Qc3+
Qf6 61. Qg3 Qd4+ 62. Kh2 Qf6 63. Kg1 Qg6 64. Qc3+ Kh7 65. Qc4 Nf3+ 66. Kf2 Ne5
67. Qh4+ Kg7 68. Qd4 Qf6+ 69. Ke2 Ng6 70. g3 Qxd4 0-1

[Event "Online Olym Div2 E 2020"]
[Site "chess.com INT"]
[Date "2020.08.14"]
[Round "1.4"]
[Board "6"]
[White "Espinosa Cancino, Monica"]
[Black "Borda Rodas, Anapaola S."]
[Result "0-1"]
[BlackTitle "WFM"]
[WhiteElo "1666"]
[BlackElo "2138"]
[WhiteTeam "Scotland"]
[BlackTeam "Argentina"]
[WhiteFideId "22253025"]
[BlackFideId "152781"]
[EventDate "2020.08.14"]
[EventType "team"]

1. d4 Nf6 2. Nf3 g6 3. g3 Bg7 4. Bg2 O-O 5. O-O d5 6. c4 dxc4 7. Nc3 c6 8. a4 a5
9. Qc2 Na6 10. Na2 Qd5 11. Nd2 Qxd4 12. Qxc4 Qxc4 13. Nxc4 Be6 14. Ne3 Nc5 15.
Nc3 Rfd8 16. Rd1 Bb3 17. Rd2 Rxd2 18. Bxd2 Rd8 19. Nf1 Ng4 20. h3 Ne5 21. Be3
Ne6 22. Bb6 Rd7 23. Bxa5 Nc4 24. Bb4 Nd4 25. Ba3 Nc2 26. Rc1 N4xa3 27. bxa3 Bxc3
28. Rb1 Bxa4 29. Kh2 Nxa3 30. Rc1 Bb2 31. Rc5 Bd4 32. Ra5 b5 33. Ra8+ Kg7 34. e3
Bf6 35. Bxc6 Rd1 36. Bg2 Nb1 37. Bf3 Rxf1 38. Kg2 Rc1 39. Rd8 b4 40. Rb8 b3 41.
Be4 Nd2 42. Bd5 b2 43. Ba2 Bc6+ 44. f3 Bxf3+ 45. Kf2 Rf1# 0-1

[Event "Online Olym Div2 E 2020"]
[Site "chess.com INT"]
[Date "2020.08.14"]
[Round "1.5"]
[Board "1"]
[White "Rios, Cristhian Camilo"]
[Black "Djukic, Nikola"]
[Result "0-1"]
[WhiteTitle "GM"]
[BlackTitle "GM"]
[WhiteElo "2464"]
[BlackElo "2525"]
[WhiteTeam "Colombia"]
[BlackTeam "Montenegro"]
[WhiteFideId "4403940"]
[BlackFideId "922412"]
[EventDate "2020.08.14"]
[EventType "team"]

1. d4 Nf6 2. c4 g6 3. Nc3 Bg7 4. e4 d6 5. f3 O-O 6. Be3 a6 7. Qd2 Nbd7 8. Nh3 c5
9. Nf2 cxd4 10. Bxd4 Qa5 11. Be2 Ne5 12. Be3 Bd7 13. Nd5 Qxd2+ 14. Kxd2 Nxd5 15.
cxd5 f5 16. f4 Nf7 17. exf5 Bxf5 18. g4 Bd7 19. h4 Rac8 20. Rab1 e5 21. dxe6
Bxe6 22. b3 d5 23. Kd1 Nd6 24. Rc1 Nb5 25. Bxb5 axb5 26. Re1 Bd7 27. Bd2 Bd4 28.
Be3 Rxc1+ 29. Kxc1 Bxe3+ 30. Rxe3 Rxf4 31. Re7 Bxg4 32. Nxg4 Rxg4 33. Rxb7 b4
34. Kb2 Rxh4 35. a4 bxa3+ 36. Kxa3 Kf8 37. Rd7 Rh5 38. b4 Ke8 39. Rg7 d4 40. Kb3
d3 41. Kc3 Rd5 42. Kd2 Rd7 43. Rg8+ Kf7 44. Rc8 Rd4 45. b5 Rb4 46. Rc7+ Kg8 47.
Rb7 Rb3 48. b6 h5 49. Ke3 g5 50. Rb8+ Kg7 51. Rb7+ Kg6 52. Rb8 Kf5 53. Kf3 d2+
54. Ke2 Rb2 55. b7 Kg4 56. Kd1 h4 57. Ke2 h3 58. Kd1 h2 59. Rh8 Kg3 0-1

[Event "Online Olym Div2 E 2020"]
[Site "chess.com INT"]
[Date "2020.08.14"]
[Round "1.5"]
[Board "2"]
[White "Kalezic, Blazo"]
[Black "Ruiz Castillo, Joshua Daniel"]
[Result "0-1"]
[WhiteTitle "IM"]
[BlackTitle "GM"]
[WhiteElo "2448"]
[BlackElo "2498"]
[WhiteTeam "Montenegro"]
[BlackTeam "Colombia"]
[WhiteFideId "921815"]
[BlackFideId "4400704"]
[EventDate "2020.08.14"]
[EventType "team"]

1. e4 e6 2. d4 d5 3. e5 c5 4. c3 Bd7 5. Nf3 Qb6 6. Bd3 Bb5 7. dxc5 Bxc5 8. b4
Be7 9. O-O Bxd3 10. Qxd3 Nc6 11. Re1 Qc7 12. Na3 a6 13. Nc2 Rc8 14. Bd2 h5 15.
Rac1 Nh6 16. Bxh6 Rxh6 17. h4 Rg6 18. g3 Kf8 19. Kg2 Kg8 20. a3 Rg4 21. Ncd4
Nxd4 22. Nxd4 Qc4 23. Qxc4 Rxc4 24. f3 Rg6 25. Kf2 Rh6 26. f4 g6 27. Ke2 Kg7 28.
Kd3 Rh8 29. Rb1 Rhc8 30. Rb3 Bd8 31. Re2 b5 32. Nf3 Bb6 33. Nd2 d4 34. Ne4 Kf8
35. Rc2 dxc3 36. Nd6 Rd4+ 37. Ke2 Rxd6 38. exd6 Bd4 39. a4 Rc6 40. axb5 axb5 41.
Ra3 Rxd6 42. Ra5 Rd5 43. Ra8+ Kg7 44. Rb8 e5 45. Kf3 Ba7 46. Rb7 Rd3+ 47. Ke4
Re3+ 48. Kd5 Bd4 49. Rxb5 Rd3 50. Kc4 Rd2 51. Rxc3 Bxc3 52. Kxc3 Rg2 53. Rxe5
Rxg3+ 54. Kc4 Rg4 55. Re4 Rxh4 56. b5 Rh1 57. b6 Rb1 58. Kc5 h4 59. Rb4 Rxb4 60.
Kxb4 h3 61. b7 h2 62. b8=Q h1=Q 63. Qe5+ Kh7 64. Qf6 Qb1+ 65. Kc5 Qc2+ 66. Kd6
Kg8 67. f5 Qd3+ 68. Ke7 Qxf5 69. Qc3 Qe6+ 70. Kd8 g5 71. Qd2 f6 72. Qd3 f5 73.
Qd2 Kf7 74. Qd1 Kg6 75. Qd2 g4 76. Kc7 Qe5+ 77. Kc8 g3 78. Qa2 f4 79. Qg8+ Kh5
80. Kd7 Qg5 81. Qh7+ Kg4 82. Qh1 f3 83. Kc7 g2 84. Qe1 Qc5+ 0-1

[Event "Online Olym Div2 E 2020"]
[Site "chess.com INT"]
[Date "2020.08.14"]
[Round "1.5"]
[Board "3"]
[White "Rivera, Ingris"]
[Black "Milovic, Aleksandra"]
[Result "1/2-1/2"]
[WhiteTitle "WIM"]
[BlackTitle "WIM"]
[WhiteElo "2249"]
[BlackElo "2198"]
[WhiteTeam "Colombia"]
[BlackTeam "Montenegro"]
[WhiteFideId "4402472"]
[BlackFideId "933988"]
[EventDate "2020.08.14"]
[EventType "team"]

1. d4 Nf6 2. c4 Nc6 3. d5 Ne5 4. Qc2 e6 5. e4 Bb4+ 6. Bd2 Bxd2+ 7. Nxd2 d6 8.
Ngf3 O-O 9. Nxe5 dxe5 10. Be2 exd5 11. cxd5 c6 12. dxc6 bxc6 13. O-O Rb8 14. b3
Qb6 15. Nc4 Qd4 16. Bf3 Ba6 17. Rfd1 Qc5 18. Rac1 Rfd8 19. h3 Rd4 20. Ne3 Qxc2
21. Nxc2 Rxd1+ 22. Rxd1 Kf8 23. Ne3 Bb7 24. Nc4 c5 25. Nxe5 Ke7 26. Nc4 Nd7 27.
e5 Bxf3 28. gxf3 Nb6 29. Rc1 Ke6 30. f4 Nd5 31. Ne3 Nxf4 32. Rxc5 Nxh3+ 33. Kg2
Nf4+ 34. Kf3 Nd3 35. Rc6+ Kxe5 36. Nc4+ Kf5 37. Rc7 a6 38. Rxf7+ Kg6 39. Ra7 Nc5
40. Ne5+ Kf6 41. Ng4+ Kg6 42. Ne5+ Kf6 43. Ng4+ Kg6 44. Ne5+ 1/2-1/2

[Event "Online Olym Div2 E 2020"]
[Site "chess.com INT"]
[Date "2020.08.14"]
[Round "1.5"]
[Board "6"]
[White "Popovic, Mateja"]
[Black "Toro Castaneda, Elizabeth"]
[Result "0-1"]
[BlackTitle "CM"]
[WhiteElo "1498"]
[BlackElo "1989"]
[WhiteTeam "Montenegro"]
[BlackTeam "Colombia"]
[WhiteFideId "16504518"]
[BlackFideId "4429559"]
[EventDate "2020.08.14"]
[EventType "team"]

1. d4 Nf6 2. Nf3 g6 3. Bg5 Bg7 4. Nbd2 O-O 5. e3 c5 6. c3 b6 7. Be2 Bb7 8. O-O
h6 9. Bxf6 Bxf6 10. Qb3 Qc7 11. a4 Nc6 12. Rfe1 e5 13. dxc5 bxc5 14. Ne4 Be7 15.
Rad1 Na5 16. Qc2 d5 17. Ng3 f5 18. Nd2 Rad8 19. Bg4 Bg5 20. Be2 Qc6 21. Nb3 Nxb3
22. Qxb3 Kh7 23. Bb5 Qc7 24. c4 d4 25. exd4 cxd4 26. Qc2 a6 0-1